000 00906nas a2200313 4500
001 BR2011003505
003 BR-BrBNA
005 20231205115040.0
007 ta
008 230509b bl.|||p| |||| 00| 00por d
040 _aBR-BrBNA
_bpor
_cBiblioteca Nacional de Agricultura
041 _a(Pt)
072 _aQ55
100 1 _aSilva, M.A. da
100 1 _aPessotti, B.M. de
100 1 _aZanini, S.F.
100 1 _aColnago, G.L.
100 1 _aNunes, L. de C.
100 1 _aRodrigues, M.R.A.
100 1 _aFerreira, L.
245 1 _aÓleo essencial de aroeira-vermelha como aditivo na ração de frangos de corte
650 _aFRANGO DE CORTE
650 _aRAÇÃO
650 _aADITIVO
650 _aPERFORMANCE
773 0 _tCiência Rural (Brazil)
_xISSN 0103-8478
_g(Apr 2011), v. 41(4) p. 676-681
_wBR2011003505
909 _a202311
_bLúcia
_c55
_dLúcia Elande
942 _2AGRIS
_n0
_cANA
999 _c211835
_d211835